00672 a2200169 4500020001500000082001400015090001500029100001600044245006000060260004600120300002900166500001900195650010500214942002200319999001500341952014600356 a0195790677 a297.63092 c3337d3337 aAfzal Iqbal aThe life and work of Jalaluddin RumicAfzal IqbalhBook aKarachi :bOxford University Pressc1991. axxviii, 330 p. ;c24 cm. aIncludes Index a1.Jalal ud Din Rumi, Maulana, 1207-1273. 2.Meleviyeh members--Biography.3.Poets, Persian--Biography. cBKk297.63092 AFZ c7250d7250 001040708NFICaCLbCLcGENd2002-09-29eIdris Book Bank g212.50l6m3o297.63092 AFZpSEECS002497r2025-09-08s2025-06-30w2017-01-05yBK